Taylor Swift - Lover - Statistics

General Stats
  • This quiz has been taken 40 times
  • The average score is 15 of 19
Answer Stats
Answer % Correct
Lover
100%
ME!
91%
Cruel Summer
89%
The Archer
89%
Daylight
86%
The Man
86%
You Need To Calm Down | YNTCD
86%
Cornelia Street
83%
It's Nice To Have A Friend | INTHAF
83%
Soon You'll Get Better | SYGB
83%
Afterglow
80%
Miss Americana & The Heartbreak Prince | MAATHP
80%
Paper Rings
80%
I Forgot That You Existed | IFTYE
77%
Death By A Thousand Cuts | DBATC
74%
I Think He Knows | ITHK
74%
London Boy
71%
False God
69%
All Of The Girls You Loved Before | AOTGYLB
46%
No matching quizzes found
Score Distribution
Percent of People with Each Score
Percentile by Number Answered
Your Score History
You have not taken this quiz